[Event "Cologne Longerich op-B 11th"]
[Site "Cologne"]
[Date "2014.08.02"]
[Round "3"]
[White "Jansen, Kurt"]
[Black "Sewald, Joerg"]
[Result "0-1"]
[WhiteElo "1411"]
[BlackElo "1584"]
[PlyCount "82"]
[EventDate "2014.08.01"]
[EventType "swiss"]
[EventRounds "5"]
[EventCountry "GER"]
[SourceTitle "EXT 2022"]
[Source "ChessBase"]
[SourceDate "2021.10.06"]
[SourceVersion "1"]
[SourceVersionDate "2021.10.06"]
[SourceQuality "1"]

1. e4 b6 2. Nc3 g6 3. d4 Bg7 4. Be3 Bb7 5. f3 a6 6. Nge2 e6 7. e5 h6 8. Ng3 f5 9. exf6 Nxf6 10. Bd3 Kf7 11. 0-0 Nc6 12. Nge4 Nb4 13. Nxf6 Bxf6 14. Be2 Qe7 15. a3 Nd5 16. Nxd5 exd5 17. Bf2 Rae8 18. Bd3 Qd6 19. Bg3 Bxd4+ 20. Kh1 Be5 21. Bxe5 Rxe5 22. c3 Rh5 23. h3 c5 24. Qd2 d4 25. cxd4 Qxd4 26. Rad1 Kf6 27. Qc2 Qe5 28. Rde1 Qb8 29. Qc3+ Kf7 30. Qc2 Qd6 31. Be4 Bc8 32. Qc4+ Kg7 33. Rd1 Qf6 34. Qc3 Rf8 35. Qxf6+ Rxf6 36. Rd2 Re5 37. Rfd1 Kf7 38. Rd6 g5 39. Rxf6+ Kxf6 40. Rd6+ Re6 41. Rd2 Ke7 0-1

[Event "Cologne Longerich op-B 12th"]
[Site "Cologne"]
[Date "2013.07.20"]
[Round "3"]
[White "Kronseder, Michael"]
[Black "Sewald, Joerg"]
[Result "1/2-1/2"]
[WhiteElo "1689"]
[BlackElo "1481"]
[PlyCount "63"]
[EventDate "2013.07.19"]
[EventType "tourn"]
[EventRounds "5"]
[EventCountry "GER"]
[SourceTitle "EXT 2017"]
[Source "ChessBase"]
[SourceDate "2016.10.25"]
[SourceVersion "1"]
[SourceVersionDate "2016.10.25"]
[SourceQuality "1"]

1. e4 b6 2. Nc3 g6 3. Bc4 e6 4. Nf3 Bg7 5. d3 d6 6. Be3 Bb7 7. Qd2 Nd7 8. Ng5 h6 9. Nh3 Ne7 10. 0-0-0 a6 11. f4 b5 12. Bb3 c5 13. Rhg1 Bc6 14. g4 a5 15. a3 a4 16. Ba2 Qa5 17. e5 b4 18. Ne4 dxe5 19. Nd6+ Kf8 20. Nc4 Qb5 21. fxe5 Nxe5 22. Nd6 Qb8 23. Bxc5 bxa3 24. Bxa3 Kg8 25. Rdf1 Ra7 26. Qf2 Bd5 27. d4 Bxa2 28. dxe5 Nc6 29. Nxf7 Nxe5 30. Nxe5 Bxe5 31. Qf8+ Qxf8 32. Rxf8+ 1/2-1/2

[Event "Cologne Longerich op 8th"]
[Site "Cologne"]
[Date "2011.08.13"]
[Round "2"]
[White "Vaskovitch, Mark"]
[Black "Sewald, Joerg"]
[Result "1-0"]
[WhiteElo "1738"]
[BlackElo "1525"]
[PlyCount "101"]
[EventDate "2011.08.12"]
[EventType "swiss"]
[EventRounds "5"]
[EventCountry "GER"]
[SourceTitle "EXT 2017"]
[Source "ChessBase"]
[SourceDate "2016.10.25"]
[SourceVersion "1"]
[SourceVersionDate "2016.10.25"]
[SourceQuality "1"]

1. e4 e5 2. Nf3 Nc6 3. d4 exd4 4. Nxd4 Bc5 5. Nxc6 Qf6 6. Qf3 Qxf3 7. gxf3 dxc6 8. Bf4 Bb6 9. Nd2 Be6 10. Bc4 0-0-0 11. Bxe6+ fxe6 12. Nc4 Nf6 13. Nxb6+ cxb6 14. Rg1 Rd7 15. Ke2 Rf8 16. Be3 Nh5 17. Rg5 g6 18. Re5 Re8 19. Rd1 Rxd1 20. Kxd1 Kd7 21. Rg5 Rf8 22. Ke2 Nf4+ 23. Bxf4 Rxf4 24. Rg4 Rf7 25. Ke3 e5 26. f4 Ke6 27. fxe5 Kxe5 28. f4+ Ke6 29. h4 Kf6 30. e5+ Ke6 31. Ke4 Rf5 32. Rg5 Rxg5 33. hxg5 Ke7 34. Kd4 Ke6 35. b3 Ke7 36. a4 Ke6 37. b4 Kd7 38. Kc4 Ke6 39. Kd4 Kd7 40. Ke4 Ke6 41. c3 Kd7 42. Kd4 Ke6 43. c4 Kd7 44. a5 Ke6 45. axb6 axb6 46. Ke4 Kd7 47. f5 Ke7 48. c5 b5 49. e6 Ke8 50. f6 Kd8 51. Ke5 1-0

[Event "Cologne Longerich op 6th"]
[Site "Cologne"]
[Date "2009.08.22"]
[Round "2"]
[White "Gossmann, Jochen"]
[Black "Sewald, Joerg"]
[Result "0-1"]
[WhiteElo "1755"]
[BlackElo "1507"]
[PlyCount "130"]
[EventDate "2009.08.21"]
[EventType "swiss"]
[EventRounds "5"]
[EventCountry "GER"]
[SourceTitle "EXT 2012"]
[Source "ChessBase"]
[SourceDate "2011.11.24"]
[SourceVersion "1"]
[SourceVersionDate "2011.11.24"]
[SourceQuality "1"]

1. e4 d6 2. d4 Nd7 3. f4 e5 4. Nf3 exd4 5. Bc4 Nb6 6. Bb3 c5 7. c3 c4 8. Ba4+ Nxa4 9. Qxa4+ Bd7 10. Qxc4 dxc3 11. Nxc3 Rc8 12. Qd4 Qb6 13. Qxb6 axb6 14. Be3 b5 15. Nd4 b4 16. Nd5 Nf6 17. Nxf6+ gxf6 18. 0-0 Be6 19. f5 Bc4 20. Rfd1 Kd7 21. b3 Ba6 22. Rd2 Re8 23. Nc2 Rxe4 24. Bd4 Bh6 25. Rdd1 Rg8 26. Bc5 Re2 27. Rxd6+ Kc7 28. Ne1 Be3+ 29. Bxe3 Kxd6 30. Bf4+ Kd5 31. g3 Ke4 32. Bd6 Rg5 33. Bxb4 Rxf5 34. Ng2 Rxa2 35. Re1+ Re2 36. Rd1 Rff2 37. Nf4 Rc2 38. Bc5 Rxh2 39. b4 Kf3 40. Bd6 h5 41. Rc1 Rhd2 42. Rxc2 Rxc2 43. Nxh5 Rd2 44. Bf4 Rb2 45. Bd6 Bb5 46. Nxf6 Bc6 47. g4 Re2 48. Bc5 Kg3 49. Kf1 Re6 50. Bf2+ Kf3 51. Bd4 Bb5+ 52. Kg1 Be2 53. Kh2 Bf1 54. Kg1 Re1 55. Kh2 Bg2 56. Bg1 Rb1 57. Nd7 f6 58. b5 Rxb5 59. Nxf6 Rb1 60. Nd7 Bf1 61. g5 Rb2+ 62. Kh1 Kg3 63. Bd4 Rb1 64. Be5+ Kh3 65. Kg1 Bb5+ 0-1